Property investment at low point (Record no. 72470)
[ view plain ]
| 000 -LEADER | |
|---|---|
| fixed length control field | 00807cam a2200193 4500 |
| 001 - CONTROL NUMBER | |
| control field | WB3914-16 |
| 008 - FIXED-LENGTH DATA ELEMENTS--GENERAL INFORMATION | |
| fixed length control field | 030409n2003 000 0 eng u |
| 035 ## - SYSTEM CONTROL NUMBER | |
| System control number | (Sirsi) u121937 |
| 245 ## - TITLE STATEMENT | |
| Title | Property investment at low point |
| 260 ## - PUBLICATION, DISTRIBUTION, ETC. | |
| Date of publication, distribution, etc. | 2003 |
| 490 ## - SERIES STATEMENT | |
| Series statement | Estates Gazette |
| Volume/sequential designation | (0314) 5 April 2003, 39(1) |
| 520 ## - SUMMARY, ETC. | |
| Summary, etc. | Office for National Statistics (ONS) figures reveal that institutional investment in commercial property has fallen to its lowest level since 1996. Pension funds and insurance companies made net investments of just £955m in 2002, less than half the £2.3bn invested in 2001. Table. ONS at www.statistics.gov.uk. |
| 590 ## - LOCAL NOTE (RLIN) | |
| Local note | WB |
| 650 ## - SUBJECT ADDED ENTRY--TOPICAL TERM | |
| Topical term or geographic name entry element | PROPERTY-COMMERCIAL PROPERTY |
| 650 ## - SUBJECT ADDED ENTRY--TOPICAL TERM | |
| Topical term or geographic name entry element | INSTITUTIONAL INVESTMENT |
| 650 ## - SUBJECT ADDED ENTRY--TOPICAL TERM | |
| Topical term or geographic name entry element | PROPERTY INVESTMENT |
| 690 ## - LOCAL SUBJECT ADDED ENTRY--TOPICAL TERM (OCLC, RLIN) | |
| Topical term or geographic name as entry element | INVESTMENT |
| 942 ## - ADDED ENTRY ELEMENTS (KOHA) | |
| Suppress in OPAC | 0 |
| Withdrawn status | Lost status | Source of classification or shelving scheme | Damaged status | Not for loan | Home library | Current library | Shelving location | Date acquired | Total Checkouts | Full call number | Barcode | Date last seen | Copy number | Price effective from | Koha item type |
|---|---|---|---|---|---|---|---|---|---|---|---|---|---|---|---|
| Dewey Decimal Classification | London | London | News article | 09/04/2003 | WB3914-16 | 121937-1001 | 06/08/2019 | 1 | 06/08/2019 | News article |